Statistics for Brand Logos That Start With B

Click here to take the quiz!

General Stats

  • This quiz has been taken 256 times
  • The average score is 5 of 9

Answer Stats

Answer% Correct
BMW
98%
Batman
97%
BitCoin
76%
Bentley
71%
Buick
49%
Boston Bruins
41%
BB&T
11%
Blackberry Messenger
8%
Bogner
3%

Score Distribution

Percentile by Number Answered

Percent of People with Each Score

Your Score History

You have not taken this quiz